000
00289nam a22001337a 4500
020
_a
0-553-20884-5
082
_a
823
_b
HES/S
100
_a
HESSE, HERMANN
245
_a
SIDDHARTHA
260
_a
NEW YORK
_b
BANTAM BOOKS
_c
1971
300
_a
152
650
_a
NOVEL
_z
UNITED STATES
942
_c
BK
999
_c
3306
_d
3306